Prénoms : du féminin au masculin 2 (mort subite) - Statistiques

Statistiques générales
  • Ce quiz a été pris 103 fois
    100 depuis la dernière actualisation
  • Le résultat moyen est 8 sur 12
Answers on the Grid
Answers color-coded by a green-red scale on the quiz's grid according to % correct below.
Edith
Flavie
Sylvie
Ghislaine
Barbara
Huguette
Jocelyne
Callista
Laurentine
Octavie
Victoria
Odile
Pauline
Séverine
Olivia
Abigaël
 
Statistiques - réponses
Réponse % Correct
Huguette
82%
Flavie
80%
Jocelyne
78%
Pauline
78%
Octavie
76%
Victoria
75%
Olivia
73%
Sylvie
71%
Ghislaine
70%
Laurentine
70%
Séverine
52%
Odile
22%
Aucun quiz correspondant
Distribution des résultats
% des personnes avec chaque résultat
Percentile par nombre de réponses
Votre historique - résultats
Vous n’avez pas pris ce quiz depuis la dernière actualisation